000 00374nam a2200157Ia 4500
008 230711s9999||||xx |||||||||||||| ||und||
041 _aENG
082 _a720
_bLA-B
100 _aLudlum,Robert
245 4 _aThe bourne identity
250 _a1st Ed.
260 _c1990
_aNew Delhi
_bHarperCollins Publishers India
300 _a848
650 _aArchitecture
942 _cBK
999 _c3419
_d3419